Materiálové toky a logistika II Logistika výrobných a technických systémov

Bibliographic Details
Main Authors: Bigoš, Peter, 1949- (Author), Kiss, Imrich (Author), Ritók, Juraj, 1966- (Author), Kastelovič, Eduard, 1951- (Author)
Format: Book
Language:Slovak
PhysicalDescription:194 s. sch., tab. 24 cm
Published: Košice Technická univerzita 2008
ISBN:9788055301303 (brož.)
Edition:2. vyd.
Series:Edícia vedeckej a odbornej literatúry
Subjects:

MARC

LEADER 00000nam a2200000 a 4500
001 vtls009512576
003 SK-MaSNL
005 20260302080538.0
008 160208s2008 xo l d p 000 0 slo
015 |a SNBA2009/07-03908 
020 |a 9788055301303 (brož.) 
035 |a C3B1A9D9-1C9E-49E0-A52B-9F9AC9CB1286 
035 |a urn:nbn:sk:snk-amk8ho 
035 |a urn:nbn:sk:snk-am008cfv 
040 |a SNK  |b slo  |c SNK  |e AACR2 
041 0 |a slo 
044 |a xo  |c SK 
072 7 |a 005  |x Manažment. Riadenie  |2 konspekt 
080 |a 658.5  |2 2001 
080 |a 005.936.4  |2 2001 
080 |a 005.51  |2 2001 
080 |a (075.8)  |2 2001 
080 |a 658.5-025.21  |2 2001 
080 |a 620.2  |2 2001 
080 |a 621.86  |2 2001 
245 0 0 |a Materiálové toky a logistika  |n II  |p Logistika výrobných a technických systémov  |c Peter Bigoš ... [et al.] 
246 3 0 |a Logistika výrobných a technických systémov 
250 |a 2. vyd. 
260 |a Košice  |b Technická univerzita  |c 2008 
300 |a 194 s.  |b sch., tab.  |c 24 cm 
366 |e 120 výt. 
490 1 |a Edícia vedeckej a odbornej literatúry 
504 |a Bibliogr. s. 188-193 
650 0 7 |a výrobné procesy  |2 SNKPH  |9 49951 
650 0 7 |a Manufacturing processes  |2 SNKPHeng  |9 302679 
650 0 7 |a materiálové hospodárstvo  |2 SNKPH  |9 3531 
650 0 7 |a Materials management  |2 SNKPHeng  |9 408453 
650 0 7 |a logistika (manažment)  |2 SNKPH  |9 3620 
650 0 7 |a Business logistics  |2 SNKPHeng  |9 274299 
650 0 7 |a výrobné systémy  |2 SNKPH  |9 29111 
650 0 7 |a Manufacturing systems  |2 SNKPHeng  |9 275577 
650 0 7 |a materiály  |2 SNKPH  |9 1041 
650 0 7 |a manipulácia s materiálom  |2 SNKPH  |9 14946 
650 0 7 |a Materials  |2 SNKPHeng  |9 266883 
650 0 7 |a Materials handling  |2 SNKPHeng  |9 316575 
655 7 |a učebnice vysokých škôl  |2 SNKPH  |9 70191 
655 7 |a Textbooks (higher)  |2 SNKPHeng  |9 276436 
700 1 |a Bigoš, Peter,  |d 1949-  |4 aut  |9 105559 
700 1 |a Kiss, Imrich  |4 aut  |9 8454 
700 1 |a Ritók, Juraj,  |d 1966-  |4 aut  |9 221964 
700 1 |a Kastelovič, Eduard,  |d 1951-  |4 aut  |9 12553 
810 2 |a Technická univerzita v Košiciach.  |b Strojnícka fakulta  |t Edícia vedeckej a odbornej literatúry  |9 176109 
919 |a 978-80-553-0130-3 
958 |a NB 
968 |d 65 
999 |c 1173526  |d 1175456 
952 |a SNK  |b SNK  |y PREZ  |7 0  |p 17A0620836  |o snkSC 135627/2  |i snk2009/8780  |8 0  |0 0  |1 0  |4 0  |d 2009-05-14  |l 0  |r 2025-07-02 00:00:00  |w 2026-02-24 
952 |a SNK  |b SNK  |y VYP  |7 0  |p 17A0620837  |o snkSC 135627/2 D1  |i snk2009/8781  |8 0  |0 0  |1 0  |4 0  |d 2009-05-14  |l 0  |r 2026-02-24 21:12:45  |w 2026-02-24